000 00805 a2200217 4500
001 62951
005 20260407155924.0
008 260407a1985 arg spa d
003 AR-UNSa-BCEJYS
040 _aAR-UNSa-BCEJYS
_bspa
_cAR-UNSa-BCEJYS
080 _a35
_xAdministración Pública
245 1 0 _aCongreso iberoamericano sobre sociedad, democracia y administración
020 _a978-84-7351-185-8
264 1 _aMadrid :
_bInstituto Nacional de Administración Pública (INAP)
_c1985
300 _a461 p.
_c24 cm.
041 _aspa
942 _cBK
590 _aniveau_biblio:m niveau_hierar:0
100 1 _aCongreso Iberoamericano sobre Sociedad, Democracia y Administración (1º : 1984 jun. 12-14 : Alcalá de Henares, España)
700 1 _aInstituto Nacional de la Administración Pública
999 _c7898
_d7898